000 00395nam a2200157Ia 4500
003 Ost
005 20260225132557.0
008 260225s9999||||xx |||||||||||||| ||und||
040 _cfsic
041 _afre
082 _a302.23
100 _aMichael Oustinoff
_eAuteur
245 0 _aTraduire et communiquer :
245 0 _bà l'heure de la mondialisation /
_cMichael Oustinoff
942 _cكتاب
999 _c34537
_d34537